Programa de las Naciones Unidas para el Desarrollo en Colombia 1983 - 1988 / (Registro nro. 4980)

Detalles MARC
000 -LEADER
fixed length control field 01010nam a2200217Ia 4500
003 - CONTROL NUMBER IDENTIFIER
control field OSt
005 - DATE AND TIME OF LATEST TRANSACTION
control field 20200728113318.0
008 - FIXED-LENGTH DATA ELEMENTS--GENERAL INFORMATION
fixed length control field 191128s1988 ck ao fr 000 0 spa d
040 ## - CATALOGING SOURCE
Original cataloging agency CO-JMCR
Transcribing agency CO-JMCR
041 0# - LANGUAGE CODE
Language code of text/sound track or separate title spa
082 04 - DEWEY DECIMAL CLASSIFICATION NUMBER
Classification number 341.23 /
Item number N124p
Edition number 23
110 2# - MAIN ENTRY--CORPORATE NAME
Corporate name or jurisdiction name as entry element Naciones Unidas.
Subordinate unit Programa para el Desarrollo
9 (RLIN) 7953
245 10 - TITLE STATEMENT
Title Programa de las Naciones Unidas para el Desarrollo en Colombia 1983 - 1988 /
Statement of responsibility, etc. Programa de las Naciones Unidas para el Desarrollo
260 ## - PUBLICATION, DISTRIBUTION, ETC.
Place of publication, distribution, etc. Bogotá :
Name of publisher, distributor, etc. Pnud,
Date of publication, distribution, etc. 1988
300 ## - PHYSICAL DESCRIPTION
Extent 80 páginas :
Other physical details ilustraciones y fotografías a blanco y negro ;
Dimensions 28 cm.
505 0# - FORMATTED CONTENTS NOTE
Formatted contents note América Latina año 2000 / Augusto Ramírez Ocampo -- Naciones Unidas: fuentes de esperanza para el mundo / Luis Thais Díaz -- Las Naciones Unidas -- Programa de las Naciones Unidas para el desarrollo PNUD en el mundo
650 14 - SUBJECT ADDED ENTRY--TOPICAL TERM
Topical term or geographic name entry element Organismos internacionales
9 (RLIN) 4030
650 14 - SUBJECT ADDED ENTRY--TOPICAL TERM
Topical term or geographic name entry element Desarrollo económico
General subdivision programas
9 (RLIN) 7954
651 #2 - SUBJECT ADDED ENTRY--GEOGRAPHIC NAME
Geographic name Colombia
General subdivision condiciones económicas
9 (RLIN) 7526
942 ## - ADDED ENTRY ELEMENTS (KOHA)
Source of classification or shelving scheme Dewey Decimal Classification
Koha item type Books
Existencias
Withdrawn status Lost status Source of classification or shelving scheme Damaged status Not for loan Collection code Home library Current library Date acquired Source of acquisition Full call number Barcode Date last seen Copy number Koha item type
    Dewey Decimal Classification     Non-fiction Biblioteca Pública José María del Castillo y Rada Biblioteca Pública José María del Castillo y Rada 04/15/2018 Donación 341.23 / N124p 430001094 05/16/2024 Ej.1 Books